La mazhabi daur ka tareekhi pas e manzar(لا مزہبی دور کا تاریخی پس منظر) (Record no. 102992)
[ view plain ]
| 000 -LEADER | |
|---|---|
| fixed length control field | 00493nam a22001457a 4500 |
| 005 - DATE AND TIME OF LATEST TRANSACTION | |
| control field | 20180212103930.0 |
| 008 - FIXED-LENGTH DATA ELEMENTS--GENERAL INFORMATION | |
| fixed length control field | 180212b xxu||||| |||| 00| 0 eng d |
| 040 ## - CATALOGING SOURCE | |
| Transcribing agency | PK-LaUMT |
| 082 ## - DEWEY DECIMAL CLASSIFICATION NUMBER | |
| Classification number | PKAC 297.09 |
| Item number | TAQ-L |
| 100 ## - MAIN ENTRY--PERSONAL NAME | |
| Personal name | Taqi Amini , Muhammad |
| 245 ## - TITLE STATEMENT | |
| Title | La mazhabi daur ka tareekhi pas e manzar(لا مزہبی دور کا تاریخی پس منظر) |
| Statement of responsibility, etc | Muhammad Taqi Amini |
| 260 ## - PUBLICATION, DISTRIBUTION, ETC. (IMPRINT) | |
| Place of publication, distribution, etc | کراچی: |
| Name of publisher, distributor, etc | چوھدری طارق اقبال گاہندری |
| Date of publication, distribution, etc | 1987 |
| 300 ## - PHYSICAL DESCRIPTION | |
| Extent | 175 |
| 942 ## - ADDED ENTRY ELEMENTS (KOHA) | |
| Koha item type | Books |
| Withdrawn status | Lost status | Damaged status | Home library | Current library | Date acquired | Full call number | Barcode | Date last seen | Price effective from | Koha item type |
|---|---|---|---|---|---|---|---|---|---|---|
| UMT Main Campus | UMT Main Campus | 2018-02-12 | PKAC 297.09 TAQ-L | 119096 | 2018-02-12 | 2018-02-12 | Books |
